| 000 | 01042cam a22002531i 4500 | ||
|---|---|---|---|
| 003 | SA-RiAUC | ||
| 005 | 20241030131319.0 | ||
| 008 | 241029s1996 pk g f000 0 ara c | ||
| 040 |
_aSA-JeALM _bara _cSA-RiAUC _erda |
||
| 082 | 0 | 4 | _a258.1 |
| 090 |
_a258.1 _b س م ر |
||
| 100 | 1 |
_aالسمرقندي، محمد بن يوسف بن محمد، _dتوفي 556 هجري _eمؤلف. |
|
| 245 | 1 | 2 |
_aالفقه النافع / _cأبو القاسم محمد بن يوسف السمرقندي ؛ تحقيق إبراهيم بن محمد بن محمد العبود. |
| 250 | _aالطبعة الأولى. | ||
| 264 | 1 |
_aالرياض : _bمكتبة العبيكان _c2000 |
|
| 300 |
_aمجلدات؛ _c24 سم |
||
| 336 |
_aنص _btxt _2rdacontent _3كتاب |
||
| 337 |
_aبدون وسيط _bn _2rdamedia |
||
| 338 |
_aمجلد _bnc _2rdacarrier |
||
| 650 | 7 |
_aالفقه الحنفي _2aucsh |
|
| 700 |
_aالعبود, إبراهيم بن محمد بن محمد. _eتحقيق |
||
| 942 |
_2ddc _cBOOK _n0 |
||
| 949 |
_aSA-JeALM _d241029 _ukhaled123 _n1 |
||
| 999 |
_c1925 _d1925 |
||